World geography I - Statistics

General Stats
  • This quiz has been taken 63 times
  • The average score is 17 of 24
Answer Stats
Question Answer % Correct
14) Most populated country on Earth India
96%
11) The Emerald Isle, Dublin, Blarney Stone,Cliffs of Moher Ireland
96%
9) Major transcontinental city in western Turkeythat separates Europe and Asia Istanbul
96%
8) Chicago is the largest city in this US state Illinois
95%
1) Capital of the Scottish highlands Inverness
95%
25) Baghdad, Mesopotamia, Mosul, Euphrates river Iraq
95%
21) Peninsula of which Spain and Portugal are on Iberian
93%
13) Jerusalem, Tel Aviv, Hebrew, Haifa Israel
93%
20) Spanish island known for its clubs and nightlife Ibiza
89%
18) Boise, Nampa, Pocatello, potatoes Idaho
88%
15) People from this US state are calledHoosiers Indiana
88%
16) Capital and largest city of the above state Indianapolis
86%
2) Austrian town in the Alps, capital ofthe Tyrol region Innsbruck
86%
24) The indigenous people of the North American Arctic Inuit
84%
12) Major port city in southern Turkey, formerlySmyrna Izmir
80%
7) Large, autonomous island of UKdependency in the Irish Sea Isle of Man
71%
17) Japanese island made famous by the iconicraising of the US flag on Mt Suribachi during WW2 Iwo Jima
71%
10) Industrial suburb city of Seoul, SK Incheon
61%
3) A long, narrow stretch of water leadingto a body of water inlet
54%
19) Dallas neighbor known for its prominentarts and theater Irving
36%
5) Largest island in the Inner Hebrides region of remote northern Scotland Isle of Skye
27%
4) Large city on the southern tip of South island in New Zealand Invercargill
20%
6) Picturesque Alpine resort town in the Bern canton of Switzerland Interlaken
13%
23) Remote town in the Arctic Northwest Territoriesof Canada Inuvik
4%
No matching quizzes found
Score Distribution
Percent of People with Each Score
Percentile by Number Answered
Your Score History
You have not taken this quiz